| 000 | 00588nam a2200217 4500 | ||
|---|---|---|---|
| 003 | OSt | ||
| 005 | 20260601193902.0 | ||
| 008 | 260508b1975 |||ade|| |||| 001 0 spa d | ||
| 020 | _a8472140644 | ||
| 040 |
_aICI _bspa _cICI _erda |
||
| 050 |
_aTP1150 _b.M63 |
||
| 100 |
_aAnguita Delgado, Ramon _eautor |
||
| 245 |
_aModelo por inyección _bParte 1a Teoria y equipos |
||
| 250 | _aParte 1a | ||
| 264 |
_aEspaña _bEditorial Blume _c1975 |
||
| 300 | _a232 páginas | ||
| 336 |
_2rdacontent _atexto |
||
| 337 |
_2rdamedia _asin medio |
||
| 338 |
_2rdacarrier _avolumen |
||
| 942 |
_2lcc _n1 _cB |
||
| 999 |
_c22269 _d22269 |
||